Xətti cəbr və riyazi analiz (Record no. 247)

MARC details
000 -LEADER
fixed length control field 02443nam a2200337 4500
003 - CONTROL NUMBER IDENTIFIER
control field OSt
005 - DATE AND TIME OF LATEST TRANSACTION
control field 20260417094709.0
008 - FIXED-LENGTH DATA ELEMENTS--GENERAL INFORMATION
fixed length control field 260417b |||||||| |||| 00| 0 aze d
040 ## - CATALOGING SOURCE
Original cataloging agency AZ-XaKU
Language of cataloging aze
Transcribing agency AZ-XaKU
041 0# - LANGUAGE CODE
Language code of text/sound track or separate title aze
050 04 - LIBRARY OF CONGRESS CALL NUMBER
Classification number QA300 .G9518 2024
100 1# - MAIN ENTRY--PERSONAL NAME
Personal name Quliyev, Azad,
Relator term müəllif.
245 1# - TITLE STATEMENT
Title Xətti cəbr və riyazi analiz
Statement of responsibility, etc. / Azad Quiyev
264 ## - PRODUCTION, PUBLICATION, DISTRIBUTION, MANUFACTURE, AND COPYRIGHT NOTICE
Place of production, publication, distribution, manufacture Bakı:
Name of producer, publisher, distributor, manufacturer "Elm və təhsil",
Date of production, publication, distribution, manufacture, or copyright notice 2024.
300 ## - PHYSICAL DESCRIPTION
Extent 352 səhifə;
Dimensions 20 sm.
336 ## - CONTENT TYPE
Content type term text
Content type code txt
Source rdacontent
337 ## - MEDIA TYPE
Media type term unmediated
Media type code n
Source rdamedia
338 ## - CARRIER TYPE
Carrier type term volume
Carrier type code nc
Source rdacarrier
504 ## - BIBLIOGRAPHY, ETC. NOTE
Bibliography, etc. note Ədəbiyyat siyahısı: s. 345
505 0# - Formatted Contents Note
Formatted contents note Giriş -- I fəsil. Matrislər və determinantlar -- II fəsil. Xətti tənliklər sistemi -- III fəsil. Çoxluq anlayışı. Funksiya anlayışı -- IV fəsil. Düz xətt və müstəvi tənlikləri -- V fəsil. Ədədi ardıcıllıq və onun limiti -- VI fəsil. Birdəyişənli funksiyanın limiti və kəsilməzliyi -- VII fəsil. Birdəyişənli funksiyanın törəməsi və diferensialı -- VIII fəsil. Diferensial hesabının əsas teoremləri. Lopital qaydası. Teylor düsturu -- IX fəsil. Törəmənin köməyilə funksiyanın tədqiqi -- X fəsil. Qeyri- müəyyən inteqral -- XI fəsil. Müəyyən inteqral. Qeyri- məxsusi inteqral -- XII fəsil. Çoxdəyişənli funksiyanın limiti və kəsilməzliyi. Çoxdəyişənli funksiyanın xüsusi törəmələri və diferensialı -- XIII fəsil. Çoxdəyişənli funksiyanın ekstremumu -- XIV fəsil. Ədədi və funksional sıralar -- XV fəsil. Adi diferensial tənliklər.
520 ## - SUMMARY, ETC.
Summary, etc. Bu dərslikdə hər bir mövzuya aid nəzəri materialla bərabər, onların tətbiqinə aid çoxlu sayda məsələ və misalların həlli də öz əksini tapmışdır. Bununla bərabər həm auditoriyada, həm də evdə işləmək üçün kifayət qədər məsələlər verilmişdir.
521 ## - TARGET AUDIENCE NOTE
Target audience note Dərslik Azərbaycan Dövlət İqtisad Universitetinin nəzdində Sosial İqtisadi Kollecin tələbələri üçün nəzərdə tutulmasına baxmayaraq, ondan başqa kollec tələbələri və universitet tələbələri də istifadə edə bilərlər.
650 #7 - SUBJECT ADDED ENTRY--TOPICAL TERM
Topical term or geographic name entry element Riyaziyyat
Source of heading or term AZ-XaKU
655 ## - INDEX TERM--GENRE/FORM
Source of term Az-XaKU
Genre/form data or focus term Dərslik
700 1# - ADDED ENTRY--PERSONAL NAME
Personal name Möhsümova, Nazilə,
Relator term müəllif.
700 1# - ADDED ENTRY--PERSONAL NAME
Personal name Qurbanlı, Nərmin,
Relator term müəllif.
700 1# - ADDED ENTRY--PERSONAL NAME
Personal name Salmanov, Valid,
Relator term rəyçi.
700 1# - ADDED ENTRY--PERSONAL NAME
Personal name Xalıqova, Sevinc
Relator term rəyçi.
942 ## - ADDED ENTRY ELEMENTS (KOHA)
Koha item type Book
Holdings
Withdrawn status Lost status Source of classification or shelving scheme Damaged status Not for loan Collection Home library Current library Date acquired Total checkouts Full call number Barcode Date last seen Copy number Price effective from Koha item type
    Library of Congress Classification     General Collection Karabakh University Main Library Karabakh University Main Library 04/17/2026   QA300 .G9518 2024 0000000055 04/17/2026 1 04/17/2026 Book